Mechanismen justizieller Eskalation im Jugendstrafverfahren
| Autor principal: | |
|---|---|
| Tipo de documento: | Print Libro |
| Lenguaje: | Alemán |
| Publicado: |
Pfaffenweiler
Centaurus-Verl.-Ges.
1993
|
| En: |
Hamburger Studien zur Kriminologie (17)
Año: 1993 |
| Disponibilidad en Tübingen: | Disponible en Tübingen. IFK: S CI 17 UB: 33 A 20873 |
| Verificar disponibilidad: | HBZ Gateway |
| Servicio de pedido Subito: | Pedir ahora. |
| Palabras clave: |
MARC
| LEADER | 00000cam a2200000 c 4500 | ||
|---|---|---|---|
| 001 | 1616947128 | ||
| 003 | DE-627 | ||
| 005 | 20260227131159.0 | ||
| 007 | tu | ||
| 008 | 931014s1993 gw ||||| m 00| ||ger c | ||
| 015 | |a 93,N35,0380 |2 dnb | ||
| 016 | 7 | |a 931325102 |2 DE-101 | |
| 020 | |a 3890858694 | ||
| 035 | |a (DE-627)1616947128 | ||
| 035 | |a (DE-576)035567589 | ||
| 035 | |a (DE-599)DNB931325102 | ||
| 035 | |a (OCoLC)75370705 | ||
| 035 | |a (OCoLC)75370705 | ||
| 040 | |a DE-627 |b ger |c DE-627 |e rakwb | ||
| 041 | |a ger | ||
| 044 | |c XA-DE | ||
| 084 | |a 19 |a 14 |2 sdnb | ||
| 084 | |a 2,1 |2 ssgn | ||
| 084 | |a PH 8420 |2 rvk |0 (DE-625)rvk/136501: | ||
| 084 | |a PH 4420 |2 rvk |0 (DE-625)rvk/136135: | ||
| 084 | |a PH 9020 |2 rvk |0 (DE-625)rvk/136530: | ||
| 084 | |a 86.42 |2 bkl | ||
| 084 | |a 86.39 |2 bkl | ||
| 100 | 1 | |a Hering, Eike |4 aut | |
| 245 | 1 | 0 | |a Mechanismen justizieller Eskalation im Jugendstrafverfahren |c Eike Hering |
| 264 | 1 | |a Pfaffenweiler |b Centaurus-Verl.-Ges. |c 1993 | |
| 300 | |a XVIII, 421 S. | ||
| 336 | |a Text |b txt |2 rdacontent | ||
| 337 | |a ohne Hilfsmittel zu benutzen |b n |2 rdamedia | ||
| 338 | |a Band |b nc |2 rdacarrier | ||
| 490 | 1 | |a Hamburger Studien zur Kriminologie |v 17 | |
| 502 | |a Zugl.: Hamburg, Univ., Diss., 1991 | ||
| 583 | 1 | |a Archivierung/Langzeitarchivierung gewährleistet |f PEBW |x XA-DE-BW |2 pdager |5 DE-31 | |
| 655 | 7 | |a Hochschulschrift |0 (DE-588)4113937-9 |0 (DE-627)105825778 |0 (DE-576)209480580 |2 gnd-content | |
| 689 | 0 | 0 | |d s |0 (DE-588)4128654-6 |0 (DE-627)10571576X |0 (DE-576)209603933 |a Jugendlicher Rückfalltäter |2 gnd |
| 689 | 0 | 1 | |d s |0 (DE-588)4057812-4 |0 (DE-627)106149407 |0 (DE-576)209123796 |a Strafzumessung |2 gnd |
| 689 | 0 | |5 DE-101 | |
| 751 | |a Hamburg |0 (DE-588)4023118-5 |0 (DE-627)106305433 |0 (DE-576)20894754X |4 uvp | ||
| 830 | 0 | |a Hamburger Studien zur Kriminologie |v 17 |9 17 |w (DE-627)131028235 |w (DE-576)012722561 |w (DE-600)1095177-5 |x 0930-9454 |7 am | |
| 889 | |w (DE-627)127593462 | ||
| 935 | |i mdedup | ||
| 936 | r | v | |a PH 8420 |b Kinderkriminalität; Jugendkriminalität; Frauenkriminalität, Mädchenkriminalität; Alterskriminalität; Ausländerkriminalität |k Rechtswissenschaft |k Strafrecht, Strafverfahrensrecht, Kriminologie |k Kriminologie |k Soziale Profile; Soziale Gruppen; Tätergemeinschaften (hier auch: Internationale Kriminalität) |k Kinderkriminalität; Jugendkriminalität; Frauenkriminalität, Mädchenkriminalität; Alterskriminalität; Ausländerkriminalität |0 (DE-627)1271674998 |0 (DE-625)rvk/136501: |0 (DE-576)201674998 |
| 936 | r | v | |a PH 4420 |b Einzeldarstellungen |k Rechtswissenschaft |k Strafrecht, Strafverfahrensrecht, Kriminologie |k Nebenstrafrecht |k Jugendstrafrecht |k Einzeldarstellungen |0 (DE-627)1272237168 |0 (DE-625)rvk/136135: |0 (DE-576)202237168 |
| 936 | r | v | |a PH 9020 |b Strafjustiz; Strafverfahren; Rechtsmedizin; Gerichtlicher Sachverständiger; Gerichtliche Psychiatrie; Kriminalpsychiatrie; Gerichtliche Psychologie; Aussagepsychologie |k Rechtswissenschaft |k Strafrecht, Strafverfahrensrecht, Kriminologie |k Kriminologie |k Strafverfahren und Strafvollzug; Empirische Bezugswissenschaften zur Kriminalrechtspflege; Forschung zu strafrechtlicher Sozialkontrolle |k Strafjustiz; Strafverfahren; Rechtsmedizin; Gerichtlicher Sachverständiger; Gerichtliche Psychiatrie; Kriminalpsychiatrie; Gerichtliche Psychologie; Aussagepsychologie |0 (DE-627)1271677156 |0 (DE-625)rvk/136530: |0 (DE-576)201677156 |
| 936 | b | k | |a 86.42 |j Strafrecht: Sonstiges |0 (DE-627)10641352X |
| 936 | b | k | |a 86.39 |j Jugendstrafrecht |0 (DE-627)181571994 |
| 951 | |a BO | ||
| ELC | |b 1 | ||
| LOK | |0 000 xxxxxcx a22 zn 4500 | ||
| LOK | |0 001 3204250709 | ||
| LOK | |0 003 DE-627 | ||
| LOK | |0 004 1616947128 | ||
| LOK | |0 005 20020413000000 | ||
| LOK | |0 008 940408||||||||||||||||ger||||||| | ||
| LOK | |0 040 |a DE-21 |c DE-627 |d DE-21 | ||
| LOK | |0 852 |a DE-21 | ||
| LOK | |0 852 1 |c 33 A 20873 |9 00 | ||
| LOK | |0 939 |a 08-04-94 |b l01 | ||
| LOK | |0 000 xxxxxcx a22 zn 4500 | ||
| LOK | |0 001 3204250792 | ||
| LOK | |0 003 DE-627 | ||
| LOK | |0 004 1616947128 | ||
| LOK | |0 005 20090603075439 | ||
| LOK | |0 008 940725||||||||||||||||ger||||||| | ||
| LOK | |0 040 |a DE-21-110 |c DE-627 |d DE-21-110 | ||
| LOK | |0 541 |e 93/818 | ||
| LOK | |0 852 |a DE-21-110 | ||
| LOK | |0 852 1 |c S CI 17 |m p |9 00 | ||
| LOK | |0 935 |a k110 | ||
| LOK | |0 936ln |a 4.2.4 | ||
| LOK | |0 938 |k p | ||
| LOK | |0 939 |a 25-07-94 |b l01 | ||
| LOK | |0 000 xxxxxcx a22 zn 4500 | ||
| LOK | |0 001 320425142X | ||
| LOK | |0 003 DE-627 | ||
| LOK | |0 004 1616947128 | ||
| LOK | |0 005 19931015000000 | ||
| LOK | |0 008 931015||||||||||||||||ger||||||| | ||
| LOK | |0 040 |a DE-Frei85 |c DE-627 |d DE-Frei85 | ||
| LOK | |0 852 |a DE-Frei85 | ||
| LOK | |0 852 1 |m p |9 00 | ||
| LOK | |0 938 |k p | ||
| LOK | |0 939 |a 15-10-93 |b l01 | ||
| ORI | |a WA-MARC-krimdoka001.raw | ||
| SIG | |a IFK: S CI 17 | ||
| SIG | |a UB: 33 A 20873 | ||
